Представление документа в формате MARC21

Поле Инд. ПП Название Значение
Тип записи a
Библиографический уровень m
001 Контрольный номер RU/IS/BASE/323447895
005 Дата корректировки 20140703185157.4
040 a Служба первич. каталог. НБ ТвГУ
b Код языка каталог. rus
e Правила каталог. PSBO
041 0_ a Код языка текста rus
080 a Индекс УДК 811.112.2'373.611(043.3)
084 a Индекс другой классификации/Индекс ББК Ш143.24-211я031
090 a Полочн. индекс 4И(Нем)
x Авторский знак Ш 96
100 1_ a Автор Шумагер Александр Иванович
q Полное имя Шумагер А. И.
245 10 a Заглавие Универбация раздельнооформленных наименований в современном немецком языке (на материале прессы ГДР)
b Продолж. заглавия автореф. дис. ... канд. филол. наук : 10.02.04
c Ответственность Калинин. гос. ун-т
260 a Место издания Калинин
c Дата издания 1986
b Издательство б. и.
300 a Объем 15, [1] с.
500 a Примечание На правах рукоп.
504 a Библиография Библиогр. в конце кн.
653 a Ключевые слова Газетная лексика
a Ключевые слова Грамматика немецкого языка
a Ключевые слова Немецкий язык
a Ключевые слова Словообразование в немецком языке
a Ключевые слова Универбация
a Ключевые слова Авторефераты
920 a Оператор Густ
930 a Новая/Ретро авторефераты
952 c Вид литературы А/Р н
954 a Дата поступления на обработку 20100401